Statystyki dla Państwa, które nigdy nie były skolonizowane przez Europę.

Kliknij tutaj aby rozwiązać quiz!

Ogólne statystyki

  • Ten quiz został rozwiązany 7 332 razy
  • Średni wynik to 11 z 16

Statystyki odpowiedzi

KontynentPaństwo% Poprawnych
AzjaChiny
94%
AzjaJaponia
92%
AzjaMongolia
76%
AzjaIran
75%
AzjaKorea Północna
75%
AzjaKorea Południowa
75%
AzjaArabia Saudyjska
68%
AfrykaEtiopia
67%
AzjaNepal
64%
AzjaAfganistan
63%
AzjaJemen
61%
AzjaTajlandia
61%
AzjaBhutan
60%
AfrykaLiberia
51%
AzjaTurcja
51%
OceaniaTonga
30%

Rozkład punktacji

Percentyl według liczby udzielonych odpowiedzi

Procent ludzi z każdym wynikiem

Twoja historia wyników

Nie rozwiązałeś tego quizu